Auto 76/77
Sparad:
| Materialtyp: | Bok |
|---|---|
| Språk: | Undetermined |
| Publicerad: |
Schwanheim
Verband der Automobilindustrie E. V
1977
|
| Ämnen: | |
| Taggar: |
Lägg till en tagg
Inga taggar, Lägg till första taggen!
|
| Thư viện lưu trữ: | Trung tâm Học liệu Trường Đại học Cần Thơ |
|---|
| LEADER | 00422nam a2200157Ia 4500 | ||
|---|---|---|---|
| 001 | CTU_86767 | ||
| 008 | 210402s9999 xx 000 0 und d | ||
| 082 | |a 338.4 | ||
| 082 | |b A939 | ||
| 245 | 0 | |a Auto 76/77 | |
| 260 | |a Schwanheim | ||
| 260 | |b Verband der Automobilindustrie E. V | ||
| 260 | |c 1977 | ||
| 650 | |a Automobile industry and trade | ||
| 904 | |i Năm | ||
| 980 | |a Trung tâm Học liệu Trường Đại học Cần Thơ | ||